这些部首都有哪些字?#1 What are the words in the capitals of these ministries? - Statistics

General Stats
  • This quiz has been taken 72 times
    71 since last reset
  • The average score is 8 of 29
Answer Stats
部首 汉字 % Correct
[几]
81%
73%
70%
59%
53%
[几]
53%
42%
34%
31%
27%
25%
25%
22%
20%
20%
20%
[几]
20%
16%
14%
9%
9%
9%
8%
6%
6%
5%
3%
3%
2%
No matching quizzes found
Score Distribution
Percent of People with Each Score
Percentile by Number Answered
Your Score History
You have not taken this quiz since the last reset